000 00512nam a2200193Ia 4500
005 20250423095601.0
008 250422s9999 xx 000 0 und d
020 _a9780007498826
050 _aHM 51 .H37/
100 _aHaralambos, Michael...[et al].
245 0 _aHaralambos & Holborn sociology : themes and perspectives
250 _a8th ed.
260 _aHammersmith
260 _bHarperCollinsPublishers Limited
260 _c2013
300 _a1098 p
650 _a Sociology.
942 _cBK
999 _c30715
_d30715